World Capitals 9,000 km away from both Rome and Wellington - Statistics

General Stats
  • This quiz has been taken 420 times
  • The average score is 14 of 20
Answers on the Map
Answers color-coded by a green-red scale on the quiz's map according to % correct below.
 
Answer Stats
Closer D (km) Capital % Correct
R 10,239 Mexico City
89%
W 9,407 Santiago
88%
W 9,933 Buenos Aires
87%
W 10,634 Lima
87%
R 9,366 Bogotá
83%
W 10,121 Montevideo
81%
R 9,498 Panama City
81%
W 9,229 Tokyo
80%
R 10,082 Quito
79%
R 10,450 La Paz
78%
R 9,942 Guatemala City
73%
R 10,312 Asunción
71%
R 9,923 San Salvador
71%
R 10,419 Sucre
68%
R 9,797 San José
67%
R 9,809 Managua
60%
R 9,591 Belmopan
59%
R 9,737 Tegucigalpa
59%
W 9,149 Taipei
46%
W 9,227 Phnom Penh
14%
No matching quizzes found
Score Distribution
Percent of People with Each Score
Percentile by Number Answered
Your Score History
You have not taken this quiz